Where We Got the Bible: (Record no. 10961)

MARC details
000 -LEADER
fixed length control field 00565nam a2200205 a 4500
001 - CONTROL NUMBER
control field 0001-0961
003 - CONTROL NUMBER IDENTIFIER
control field ELIB.Books
008 - FIXED-LENGTH DATA ELEMENTS--GENERAL INFORMATION
fixed length control field 140915 2010 eng
035 ## - SYSTEM CONTROL NUMBER
System control number (ELIB.Books)0001-1115
245 ## - TITLE STATEMENT
Title Where We Got the Bible:
Remainder of title Our Debt to the Catholic Church
260 ## - PUBLICATION, DISTRIBUTION, ETC. (IMPRINT)
Place of publication, distribution, etc. KBTS; Insein
Name of publisher, distributor, etc. Karen Baptist Theological Seminary
Date of publication, distribution, etc. 1997
300 ## - PHYSICAL DESCRIPTION
Extent 170
Dimensions 20.2 Cm
500 ## - GENERAL NOTE
General note Dr. Yahalaylayla
650 ## - SUBJECT ADDED ENTRY--TOPICAL TERM
Topical term or geographic name as entry element Bible
856 ## - ELECTRONIC LOCATION AND ACCESS
Name of location of host KBTS; Library
Uniform Resource Identifier <a href="KBTS; Elib.">KBTS; Elib.</a>
942 ## - ADDED ENTRY ELEMENTS (KOHA)
Source of classification or shelving scheme Dewey Decimal Classification
Koha item type Books
990 ## - EQUIVALENCES OR CROSS-REFERENCES [LOCAL, CANADA]
Link information for 9XX fields 1
998 ## - LOCAL CONTROL INFORMATION (RLIN)
Cataloger's initials, CIN (RLIN) bat
-- 2014-09-15
Holdings
Withdrawn status Lost status Source of classification or shelving scheme Damaged status Not for loan Home library Current library Date acquired Total Checkouts Barcode Date last seen Bill Date Koha item type
    Dewey Decimal Classification     Karen Baptist Theological Seminary Library Karen Baptist Theological Seminary Library 15/09/2014   15229 22/01/2022 22/01/2022 Books
Implemented & Customized by: BestBookBuddies

Powered by Koha